Catalog

Record Details

Catalog Search



Tajemství lásky  Cover Image Book Book

Tajemství lásky / Pietro Archiati ; [z německého originálu ... přeložil Radomil Hradil]

Record details

  • ISBN: 80-86600-31-9
  • Physical Description: 163 s. ; 21 cm
  • Edition: Vyd. 1.
  • Publisher: Hranice : Fabula, 2006

Content descriptions

General Note:
1000 výt.
Subject: láska
láska > antropozofické pojetí
duchovní život
křesťanská láska
muži a ženy
love
love > anthroposophical approach
spiritual life
charity
men and women
Genre: pojednání
essays

Available copies

  • 1 of 1 copy available at Common Catalog SPOK.

Holds

  • 0 current holds with 1 total copy.
Show Only Available Copies
Location Call Number / Copy Notes Barcode Shelving Location Status Due Date
Jabok Library Psy-6.1.5/A 424480019360 Odborná literatura Available -

LDR 01575cam a2200505 a 4500
00113031
003CZ-PrJAB
00520180822090120.0
007ta
008060801s2006 xr e 000 0 cze d
015 . ‡acnb001689253
020 . ‡a80-86600-31-9 ‡q(váz.)
035 . ‡a(CZ PrNK)nkc20061689253
035 . ‡a(OCoLC)228777298
040 . ‡aKLG001 ‡bcze ‡dBOA001 ‡dOLA001
0411 . ‡acze ‡hger
072 7. ‡a17 ‡xEtika. Morální filozofie ‡2Konspekt ‡95
080 . ‡a177.6 ‡2MRF
080 . ‡a2-423.79 ‡2MRF
080 . ‡a141.333 ‡2MRF
080 . ‡a2-584 ‡2MRF
080 . ‡a27-423.79 ‡2MRF
080 . ‡a316.346.2 ‡2MRF
080 . ‡a(049) ‡2MRF
1001 . ‡aArchiati, Pietro, ‡d1944- ‡7xx0035221 ‡4aut
24510. ‡aTajemství lásky / ‡cPietro Archiati ; [z německého originálu ... přeložil Radomil Hradil]
250 . ‡aVyd. 1.
260 . ‡aHranice : ‡bFabula, ‡c2006
300 . ‡a163 s. ; ‡c21 cm
500 . ‡a1000 výt.
65007. ‡aláska ‡7ph117230 ‡2czenas
65007. ‡aláska ‡7ph117230 ‡xantropozofické pojetí ‡2czenas
65007. ‡aduchovní život ‡7ph114375 ‡2czenas
65007. ‡akřesťanská láska ‡7ph122100 ‡2czenas
65007. ‡amuži a ženy ‡7ph123061 ‡2czenas
65009. ‡alove ‡2eczenas
65009. ‡alove ‡xanthroposophical approach ‡2eczenas
65009. ‡aspiritual life ‡2eczenas
65009. ‡acharity ‡2eczenas
65009. ‡amen and women ‡2eczenas
655 7. ‡apojednání ‡7fd133056 ‡2czenas
655 9. ‡aessays ‡2eczenas
7650 . ‡tGeheimnis der Liebe ‡9Česky
910 . ‡aABG312
901 . ‡a13031 ‡bUnknown ‡c13031 ‡tbiblio

Additional Resources